[Event "GER-chT10 KJ-34 Br03 email"]
[Site "GER email"]
[Date "2013.10.04"]
[Round "?"]
[White "Roser, Matthias"]
[Black "Herden, Olaf"]
[Result "0-1"]
[WhiteElo "1773"]
[BlackElo "1961"]
[PlyCount "40"]
[EventDate "2013.10.15"]
[EventType "tourn (corr)"]
[EventRounds "4"]
[EventCountry "GER"]
[SourceTitle "Corr 2015"]
[Source "ChessBase"]
[SourceDate "2015.07.17"]
[SourceVersion "1"]
[SourceVersionDate "2015.07.17"]
[SourceQuality "1"]

1. d4 Nf6 2. c4 e6 3. Nf3 d5 4. g3 Be7 5. Bg2 0-0 6. 0-0 dxc4 7. Na3 Bxa3 8. bxa3 Bd7 9. Ne5 Bc6 10. Bxc6 Nxc6 11. Nxc6 bxc6 12. Bg5 h6 13. Bxf6 Qxf6 14. Rc1 c5 15. Rxc4 cxd4 16. Qxd4 Qxd4 17. Rxd4 Rfd8 18. Rfd1 Rxd4 19. Rxd4 c5 20. Rc4 Rc8 0-1

[Event "GER-chT8 KH-37 Br3 email"]
[Site "GER email"]
[Date "2009.10.09"]
[Round "?"]
[White "Schaaf, Rene"]
[Black "Roser, Matthias"]
[Result "1-0"]
[WhiteElo "2195"]
[BlackElo "1780"]
[PlyCount "79"]
[EventDate "2009.10.15"]
[EventType "tourn (corr)"]
[EventRounds "4"]
[EventCountry "GER"]
[SourceTitle "Corr 2013"]
[Source "ChessBase"]
[SourceDate "2012.11.12"]
[SourceVersion "1"]
[SourceVersionDate "2012.11.12"]
[SourceQuality "1"]

1. c4 e5 2. Nc3 Nf6 3. Nf3 Nc6 4. g3 d5 5. cxd5 Nxd5 6. Bg2 Nb6 7. 0-0 Be7 8. a3 0-0 9. b4 Be6 10. d3 a5 11. b5 Nd4 12. Nd2 c6 13. bxc6 Nxc6 14. Rb1 a4 15. Bxc6 bxc6 16. Qc2 h6 17. Nce4 Qc7 18. Nc5 Bxc5 19. Qxc5 Rab8 20. Qc2 Rfd8 21. Bb2 c5 22. Bc3 Re8 23. Rb2 Ra8 24. Rfb1 Nd7 25. Rb7 Qc6 26. Nc4 e4 27. Na5 Rxa5 28. Bxa5 Bb3 29. R7xb3 axb3 30. Qxb3 exd3 31. exd3 c4 32. Qxc4 Qa8 33. Bc3 Nf8 34. Rb6 Ne6 35. Qc6 Rc8 36. Qxa8 Rxa8 37. Bb4 Nd4 38. Kf1 Kh7 39. h4 g5 40. h5 1-0

[Event "GER-chT KG-32 email"]
[Site "GER email"]
[Date "2007.10.25"]
[Round "?"]
[White "Roser, Matthias"]
[Black "Hoch, Dieter"]
[Result "1/2-1/2"]
[WhiteElo "2165"]
[BlackElo "2178"]
[PlyCount "41"]
[EventDate "2007.??.??"]
[EventType "tourn (corr)"]
[EventRounds "4"]
[EventCountry "GER"]
[SourceTitle "Corr 2011"]
[Source "ChessBase"]
[SourceDate "2010.08.31"]
[SourceVersion "1"]
[SourceVersionDate "2010.08.31"]
[SourceQuality "1"]

1. d4 Nf6 2. c4 e6 3. Nc3 Bb4 4. Qc2 d5 5. a3 Be7 6. cxd5 exd5 7. Bg5 0-0 8. e3 h6 9. Bxf6 Bxf6 10. Nf3 Be6 11. Bd3 Nd7 12. b4 c6 13. 0-0 a5 14. Rfc1 Nb6 15. Rcb1 axb4 16. Rxb4 Be7 17. Rbb1 Bd6 18. a4 Ra7 19. e4 dxe4 20. Nxe4 Nd5 21. Nxd6 1/2-1/2